000 00346 a2200157 4500
001 164114
020 _a
040 _cMagnum
100 _aCarrascoza, João Anzanello
240 1 0 _aDe papo com a noite
_lpor
245 1 0 _aDe papo com a noite
362 0 _a1899
440 1 _aScipione
697 _aLITERATURA INFANTO-JUVENIL
942 _cBK
999 _c164114
_d164114